Taken at the flood ; the story of Albert D. Lasker.

Bibliographic Details
Main Author: Gunther, John, 1901-1970
Format: Book
Language:English
Published: New York : Harper, [1960]
Subjects:

MARC

Tag First Indicator Second Indicator Subfields
LEADER 00000cam a2200000 4500
001 in00000213941
005 20190207093618.0
008 740312s1960 nyua b 00000beng
010 |a  59006309  
035 |a (OCoLC)00827466 
035 |9 AAX3909AM 
040 |c BUF  |d TXA  |d UtOrBLW 
049 |a TXAM [Also in] [Sp Coll]  |c 1 [324807]  |a TXAS  |c 2 [1092307] 
050 0 |a HF5810.L3  |b G9 
082 0 |a 926.591 
100 1 |a Gunther, John,  |d 1901-1970. 
245 1 0 |a Taken at the flood ;  |b the story of Albert D. Lasker. 
264 1 |a New York :  |b Harper,  |c [1960] 
300 |a 368 pages :  |b illustrations ;  |c 22 cm. 
336 |a text  |b txt  |2 rdacontent 
337 |a unmediated  |b n  |2 rdamedia 
338 |a volume  |b nc  |2 rdacarrier 
500 |a The Cushing Library/Chapman Texas Collection copy is part of the Floyd & Louise Chapman Texas & Borderlands Collection.  |5 TXA 
504 |a Includes bibliography. 
600 1 0 |a Lasker, Albert Davis,  |d 1876-1952. 
999 |a MARS 
999 f f |s 16bd3ffe-f6e5-348b-904d-f6aec6fd4383  |i 640be57b-2a7f-3f96-838b-226c173ea080  |t 0 
952 f f |p noncirc  |a Texas A&M University  |b College Station  |c Cushing Memorial Library & Archives  |d Cushing: Chapman Texas Collection (Does not check out)  |t 0  |e HF5810.L3 G9  |h Library of Congress classification  |i unmediated -- volume  |m A14800368780 
952 f f |p ric  |a Texas A&M University  |b Rellis Campus  |c Joint Library Facility  |d Remote Storage  |t 0  |e HF5810.L3 G9  |h Library of Congress classification  |i unmediated -- volume  |m A14802849936 
998 f f |a HF5810.L3 G9  |t 0  |l Cushing: Chapman Texas Collection (Does not check out) 
998 f f |a HF5810.L3 G9  |t 0  |l Remote Storage